مختصر صحيح البخاري / (رقم التسجيلة. 138975)

تفاصيل مارك
000 -الفاتح
عناصر البيانات ثابتة الطول 00783cam a2200181 i 4500
005 - تاريخ ووقت آخر معاملة
حقل ضبط 20251201093945.0
008 - عناصر البيانات ثابتة الطول
عناصر البيانات ثابتة الطول 250721s2012 ua gr 000 0 ara d
082 14 - رقم تصنيف ديوي العشري
رقم التصنيف 213.41
رقم المادة ش ر ح
100 1# - مدخل رئيسي – اسم شخصي
الاسم الشخصي الشرجي، شهاب الدين ابو العباس احمد بن احمد بن عبد اللطيف
علاقة الشخص بالعمل/ دوره مؤلف.
245 10 - بيان العنوان
العنوان مختصر صحيح البخاري /
بيان المسؤولية تأليف الامام زين الدين احمد بن عبد الله عبد اللطيف الزبيدي.
250 ## - بيان الطبعة
بيان الطبعة الطبعة الأولى.
264 31 - بيانات النشر، التوزيع…إلخ
مكان النشر، التوزيع...إلخ القاهرة :
اسم الناشر، الموزع...إلخ مؤسسة زاد للنشر والتوزيع،
تاريخ النشر، التوزيع...إلخ 2012.
300 ## - الوصف المادي
عدد الوحدات المكونة للوعاء 567 صفحة.
650 17 - مدخل إضافي بالموضوع - مصطلح موضوعي
مصطلح موضوعي أو اسم جغرافي كعنصر مدخل صحيح البخاري.
650 17 - مدخل إضافي بالموضوع - مصطلح موضوعي
مصطلح موضوعي أو اسم جغرافي كعنصر مدخل كتب الحديث السته.
942 ## - بيانات إضافية (كوها)
نوع التنصيف Dewey Decimal Classification
نوع المادة (كوها) كتب
المقتنيات
حالة السحب حالة الفقدان مصدر التصنيف حالة التلف غير قابل للإعارة المكتبة الرئيسية المكتبة الحالية موقع الرف تاريخ التزويد الرقم المتسلسل Total Checkouts رقم الإستدعاء الباركود تاريخ آخر ظهور تاريخ الفاتورة نوع المادة (كوها)
    Dewey Decimal Classification     المكتبة المركزية المكتبة المركزية الإعارة 28/07/2025 1696804   213.41 / ش ر ح PLD00439680 28/07/2025 28/07/2025 كتب
    Dewey Decimal Classification     مكتبة أبو علندا العامة مكتبة أبو علندا العامة الإعارة 11/12/2018 1696807   213.41/شرج PLD00440108 28/07/2025 11/12/2018 كتب
    Dewey Decimal Classification     مكتبة حمزة العامة مكتبة حمزة العامة الإعارة 11/12/2018 1696806   213.41/شرج PLD00440107 28/07/2025 11/12/2018 كتب
    Dewey Decimal Classification     مكتبة صويلح العامة مكتبة صويلح العامة الإعارة 11/12/2018 1696805   213.41/شرج PLD00440106 28/07/2025 11/12/2018 كتب
Implemented & Customized by: BBB with SCIT (Smart Chains for Information Technology)

Powered by Koha